| 000 | 00443nam a22001817a 4500 | ||
|---|---|---|---|
| 003 | OSt | ||
| 005 | 20210924160908.0 | ||
| 008 | 210924b |||||||| |||| 00| 0 eng d | ||
| 020 | _a0713133783 | ||
| 040 | _cHAWASSA UNERSITY | ||
| 050 |
_a531.02462/HAR _b1 |
||
| 082 |
_a531.02462/HAR _b1 |
||
| 100 |
_aHARRION H.R. _97328 |
||
| 245 | _aPRINCIPLES OF ENGINEERING MECHANICS | ||
| 260 |
_bLONDON _c1978 |
||
| 300 | _a255 | ||
| 942 |
_2ddc _cBOOKS _n0 |
||
| 999 |
_c6928 _d6928 |
||